| 000 | 00551nam a2200169 4500 | ||
|---|---|---|---|
| 001 | 143842 | ||
| 003 | ES-MaACL | ||
| 005 | 20230906200904.0 | ||
| 007 | t| | ||
| 008 | 070214s1971 sp r ||||1| spa d | ||
| 100 | 1 |
_aShackelford, Richard T. _9105976 |
|
| 245 | 1 | 0 |
_aDiagnóstico quirúrgico / _cRichard T. Shackelford ; versión... F. Manuel Nogueras. |
| 260 |
_aBarcelona [etc.] : _bSalvat, _c1971 ( _fImp. Hispano-Americana) |
||
| 300 |
_a3 v. : _bil. ; _c26 cm. |
||
| 700 | 1 |
_aNogueras, Manuel. _985882 |
|
| 852 |
_aES-MaACL _jC-37284-86 _bR.78239 |
||
| 999 |
_c143842 _d143842 |
||